| 000 | 00440nam a2200181Ia 4500 | ||
|---|---|---|---|
| 005 | 20240913125717.0 | ||
| 008 | 240913s9999||||xx |||||||||||||| ||und|| | ||
| 041 | _aENGLISH | ||
| 082 | _A624.10724 Q2 | ||
| 100 | _aRajesh R. et al. | ||
| 245 | 0 | _aICMOC 2012 April 10 & 11 Vol:II | |
| 250 | _a1st | ||
| 260 |
_c2012 _bNICHE Mech Public |
||
| 500 | _aREFERENCE | ||
| 650 |
_aICMOC 2012 _bMechanical |
||
| 942 | _cREF | ||
| 999 |
_c246110 _d246110 |
||